| 000 | 00493nam a2200181 a 4500 | ||
|---|---|---|---|
| 001 | 001129029 | ||
| 003 | AM-YeHGA | ||
| 005 | 20250617152024.0 | ||
| 008 | 160215s1950 ||| r 000 0 rus d | ||
| 040 | _aAM-YeHGA | ||
| 041 | 1 |
_arus _heng |
|
| 100 | 1 | _aУйда | |
| 245 | 1 | 0 |
_aСтепь : _bПер. с англ. / _cУйда. |
| 260 |
_aРига : _bЛатгосиздат, _c1950. |
||
| 300 |
_a36 с. : _bил. |
||
| 653 | 0 | _aАнглийская литература | |
| 090 | _c364477 | ||
| 999 |
_c362629 _d362629 |
||